000 00442nam a22001577a 4500
005 20180308113451.0
008 150223b xxu||||| |||| 00| 0 eng d
020 _a9694022401
040 _cPK-LaUMT
082 _a306.44095491
_bSAB-P
100 _aSabiha Mansoor
245 _aPunjabi, Urdu, English in Pakistan :
_ba sociolinguistic study /
_cSabiha Mansoor
260 _aLahore :
_bVanguard Books,
_c1993
300 _a240 p.
942 _cBK
999 _c66459
_d66459